<?xml version="1.0" encoding="UTF-8"?><?xml-stylesheet type="text/xsl" href="static/style.xsl"?><OAI-PMH xmlns="http://www.openarchives.org/OAI/2.0/" xmlns:xsi="http://www.w3.org/2001/XMLSchema-instance" xsi:schemaLocation="http://www.openarchives.org/OAI/2.0/ http://www.openarchives.org/OAI/2.0/OAI-PMH.xsd"><responseDate>2026-04-14T05:18:48Z</responseDate><request verb="GetRecord" identifier="oai:www.recercat.cat:20.500.12328/5037" metadataPrefix="marc">https://recercat.cat/oai/request</request><GetRecord><record><header><identifier>oai:recercat.cat:20.500.12328/5037</identifier><datestamp>2025-09-28T03:42:47Z</datestamp><setSpec>com_2072_67741</setSpec><setSpec>col_2072_484352</setSpec></header><metadata><record xmlns="http://www.loc.gov/MARC21/slim" xmlns:dcterms="http://purl.org/dc/terms/" xmlns:xsi="http://www.w3.org/2001/XMLSchema-instance" xmlns:doc="http://www.lyncode.com/xoai" xsi:schemaLocation="http://www.loc.gov/MARC21/slim http://www.loc.gov/standards/marcxml/schema/MARC21slim.xsd">
   <leader>00925njm 22002777a 4500</leader>
   <datafield ind2=" " ind1=" " tag="042">
      <subfield code="a">dc</subfield>
   </datafield>
   <datafield ind2=" " ind1=" " tag="720">
      <subfield code="a">Koskinen, Sanna</subfield>
      <subfield code="e">author</subfield>
   </datafield>
   <datafield ind2=" " ind1=" " tag="720">
      <subfield code="a">Pajakoski, Elina</subfield>
      <subfield code="e">author</subfield>
   </datafield>
   <datafield ind2=" " ind1=" " tag="720">
      <subfield code="a">Fuster-Linares, Pilar</subfield>
      <subfield code="e">author</subfield>
   </datafield>
   <datafield ind2=" " ind1=" " tag="720">
      <subfield code="a">Ingadottir, Brynja</subfield>
      <subfield code="e">author</subfield>
   </datafield>
   <datafield ind2=" " ind1=" " tag="720">
      <subfield code="a">Löyttyniemi, Eliisa</subfield>
      <subfield code="e">author</subfield>
   </datafield>
   <datafield ind2=" " ind1=" " tag="720">
      <subfield code="a">Numminen, Olivia</subfield>
      <subfield code="e">author</subfield>
   </datafield>
   <datafield ind2=" " ind1=" " tag="720">
      <subfield code="a">Salminen, Leena</subfield>
      <subfield code="e">author</subfield>
   </datafield>
   <datafield ind2=" " ind1=" " tag="720">
      <subfield code="a">Scott, P Anne</subfield>
      <subfield code="e">author</subfield>
   </datafield>
   <datafield ind2=" " ind1=" " tag="720">
      <subfield code="a">Stubner, Juliane</subfield>
      <subfield code="e">author</subfield>
   </datafield>
   <datafield ind2=" " ind1=" " tag="720">
      <subfield code="a">Truš, Marija</subfield>
      <subfield code="e">author</subfield>
   </datafield>
   <datafield ind2=" " ind1=" " tag="720">
      <subfield code="a">Leino-Kilpi, Helena</subfield>
      <subfield code="e">author</subfield>
   </datafield>
   <datafield ind2=" " ind1=" " tag="260">
      <subfield code="c">2021</subfield>
   </datafield>
   <datafield ind2=" " ind1=" " tag="520">
      <subfield code="a">Background: Moral courage is defined as courage to act according to one’s own ethical values and principles even at the risk of negative consequences for the individual. In a complex nursing practice, ethical considerations are integral. Moral courage is needed throughout nurses’ career.&#xd;
Aim:To analyse graduating nursing students’ moral courage and the factors associated with it in six European countries. Research design: A cross-sectional design, using a structured questionnaire, as part of a larger international ProCompNurse study. In the questionnaire, moral courage was assessed with a single question (visual analogue scale 0–100), the questionnaire also covered several background variables. Participants and research context: The sample comprised graduating nursing students (n = 1796) from all participating countries. To get a comprehensive view about graduating nursing students’ moral courage, the views of nurse managers (n = 538) and patients (n = 1327) from the same units in which the graduating nursing students practised were also explored, with parallel questionnaires. Ethical considerations: Ethical approvals and research permissions were obtained according to national standards in every country and all participants gave their informed consent. Results: The mean of graduating nursing students’ self-assessed moral courage was 77.8 (standard deviation 17.0; on a 0–100 scale), with statistically significant differences between countries. Higher moral courage was associated with many factors, especially the level of professional competence. The managers assessed the graduating nursing students’ moral courage lower (66.5; standard deviation 18.4) and the patients slightly higher (80.6; standard deviation 19.4) than the graduating nursing students themselves. Discussion and conclusions:In all countries, the graduating nursing students’ moral courage was assessed as rather high, with differences between countries and populations. These differences and associations between moral courage and ethics education require further research.</subfield>
   </datafield>
   <datafield ind1="8" ind2=" " tag="024">
      <subfield code="a">Koskinen, Sanna; Pajakoski, Elina; Fuster-Linares, Pilar [et al.]. Analysis of graduating nursing students’ moral courage in six European countries. Nursing Ethics, 2020, 28(4), p. 481-497. Disponible en: &lt;https://journals.sagepub.com/doi/10.1177/0969733020956374>. Fecha de acceso: 26 sep. 2025. DOI: 10.1177/0969733020956374</subfield>
   </datafield>
   <datafield ind1="8" ind2=" " tag="024">
      <subfield code="a">0969-7330</subfield>
   </datafield>
   <datafield ind1="8" ind2=" " tag="024">
      <subfield code="a">http://hdl.handle.net/20.500.12328/5037</subfield>
   </datafield>
   <datafield ind1="8" ind2=" " tag="024">
      <subfield code="a">https://dx.doi.org/10.1177/0969733020956374</subfield>
   </datafield>
   <datafield tag="653" ind2=" " ind1=" ">
      <subfield code="a">Competència ètica</subfield>
   </datafield>
   <datafield tag="653" ind2=" " ind1=" ">
      <subfield code="a">Estudiant d'infermeria graduat</subfield>
   </datafield>
   <datafield tag="653" ind2=" " ind1=" ">
      <subfield code="a">Enquesta internacional</subfield>
   </datafield>
   <datafield tag="653" ind2=" " ind1=" ">
      <subfield code="a">Coratge moral</subfield>
   </datafield>
   <datafield tag="653" ind2=" " ind1=" ">
      <subfield code="a">Educació infermera</subfield>
   </datafield>
   <datafield tag="653" ind2=" " ind1=" ">
      <subfield code="a">Competencia ética</subfield>
   </datafield>
   <datafield tag="653" ind2=" " ind1=" ">
      <subfield code="a">Estudiante de enfermería recién graduado</subfield>
   </datafield>
   <datafield tag="653" ind2=" " ind1=" ">
      <subfield code="a">Encuesta internacional</subfield>
   </datafield>
   <datafield tag="653" ind2=" " ind1=" ">
      <subfield code="a">Coraje moral</subfield>
   </datafield>
   <datafield tag="653" ind2=" " ind1=" ">
      <subfield code="a">Educación en enfermería</subfield>
   </datafield>
   <datafield tag="653" ind2=" " ind1=" ">
      <subfield code="a">Ethical competence</subfield>
   </datafield>
   <datafield tag="653" ind2=" " ind1=" ">
      <subfield code="a">Graduating nursing student</subfield>
   </datafield>
   <datafield tag="653" ind2=" " ind1=" ">
      <subfield code="a">International survey</subfield>
   </datafield>
   <datafield tag="653" ind2=" " ind1=" ">
      <subfield code="a">Moral courage</subfield>
   </datafield>
   <datafield tag="653" ind2=" " ind1=" ">
      <subfield code="a">Nursing education</subfield>
   </datafield>
   <datafield ind2="0" ind1="0" tag="245">
      <subfield code="a">Analysis of graduating nursing students’ moral courage in six European countries</subfield>
   </datafield>
</record></metadata></record></GetRecord></OAI-PMH>